[Event "GER-ch U25 op-A"]
[Site "Oberhof"]
[Date "2013.05.21"]
[Round "4"]
[White "Gamisch, Laura"]
[Black "Faldum, Manfred"]
[Result "0-1"]
[WhiteElo "1763"]
[BlackElo "1865"]
[PlyCount "64"]
[EventDate "2013.05.19"]
[EventType "swiss"]
[EventRounds "9"]
[EventCountry "GER"]
[SourceTitle "CBM 154 Extra"]
[Source "ChessBase"]
[SourceDate "2013.06.25"]
[SourceVersion "2"]
[SourceVersionDate "2013.06.25"]
[SourceQuality "1"]

1. d4 Nf6 2. c4 g6 3. Nc3 Bg7 4. e4 d6 5. Nf3 0-0 6. Be2 e5 7. 0-0 Nc6 8. d5 Ne7 9. b4 Nd7 10. Ne1 f5 11. f3 f4 12. Bd2 g5 13. Nd3 Nf6 14. c5 Ng6 15. Nf2 Rf7 16. cxd6 cxd6 17. Rc1 h5 18. a4 Bf8 19. Be1 Rg7 20. h3 Nh4 21. Rc2 Ng6 22. b5 Nh8 23. Na2 Nf7 24. Rc3 Nh6 25. Nb4 g4 26. hxg4 hxg4 27. fxg4 Nhxg4 28. Nxg4 Nxg4 29. Nc2 Be7 30. Bf3 Qb6+ 31. Bf2 Nxf2 32. Rxf2 Bh4 0-1

[Event "GER-ch U25 op-A"]
[Site "Oberhof"]
[Date "2013.05.20"]
[Round "3"]
[White "Gamisch, Laura"]
[Black "Goettel, Tobias"]
[Result "1/2-1/2"]
[WhiteElo "1763"]
[BlackElo "1939"]
[PlyCount "132"]
[EventDate "2013.05.19"]
[EventType "swiss"]
[EventRounds "9"]
[EventCountry "GER"]
[SourceTitle "CBM 154 Extra"]
[Source "ChessBase"]
[SourceDate "2013.06.25"]
[SourceVersion "2"]
[SourceVersionDate "2013.06.25"]
[SourceQuality "1"]

1. d4 Nf6 2. c4 g6 3. Nc3 d5 4. cxd5 Nxd5 5. e4 Nxc3 6. bxc3 c5 7. Bb5+ Bd7 8. Bxd7+ Qxd7 9. Nf3 Bg7 10. 0-0 Nc6 11. Be3 cxd4 12. cxd4 0-0 13. Rb1 Rfd8 14. d5 Na5 15. Bd4 e6 16. Bxg7 Kxg7 17. Qd4+ Kg8 18. Qb4 b6 19. Rfd1 Rac8 20. Ne5 Qc7 21. Qb2 Nc4 22. Nxc4 Qxc4 23. dxe6 Qxe6 24. Rxd8+ Rxd8 25. f3 Qd6 26. h3 Qd4+ 27. Qxd4 Rxd4 28. Rb2 Kg7 29. Kf2 Ra4 30. Ke3 Kf6 31. Kf4 Ra5 32. Rd2 Ke6 33. Ke3 b5 34. Kd4 Ra3 35. Kc5 a6 36. Kb4 Ra4+ 37. Kb3 h5 38. g3 Rc4 39. Kb2 Rc5 40. h4 a5 41. a3 f6 42. Rd8 g5 43. Rh8 gxh4 44. gxh4 a4 45. Rh7 Kd6 46. Rh6 Ke7 47. Rh7+ Ke6 48. Rh6 Kf7 49. Rh8 Kg7 50. Rd8 f5 51. Rd5 Rxd5 52. exd5 Kf6 53. f4 Ke7 54. Kc3 Kd7 55. Kb4 Kd6 56. Kxb5 Kxd5 57. Kxa4 Ke4 58. Kb5 Kxf4 59. a4 Kg4 60. a5 f4 61. a6 f3 62. a7 f2 63. a8Q f1Q+ 64. Kc5 Qf2+ 65. Kd6 Qxh4 66. Qe4+ Kh3 1/2-1/2

[Event "GER-ch U25 op-A"]
[Site "Oberhof"]
[Date "2013.05.19"]
[Round "1"]
[White "Gamisch, Laura"]
[Black "Carow, Annelen"]
[Result "0-1"]
[WhiteElo "1763"]
[BlackElo "2025"]
[PlyCount "84"]
[EventDate "2013.05.19"]
[EventType "swiss"]
[EventRounds "9"]
[EventCountry "GER"]
[SourceTitle "CBM 154 Extra"]
[Source "ChessBase"]
[SourceDate "2013.06.25"]
[SourceVersion "2"]
[SourceVersionDate "2013.06.25"]
[SourceQuality "1"]

1. d4 Nf6 2. c4 c5 3. d5 b5 4. b3 e6 5. dxe6 fxe6 6. e3 bxc4 7. Bxc4 Bb7 8. Nf3 Be7 9. Bb2 0-0 10. Nbd2 Ng4 11. h3 Nh6 12. 0-0 Bf6 13. Bxf6 Qxf6 14. Qc2 Na6 15. Bd3 Nf5 16. Be4 d5 17. Bxf5 exf5 18. Rac1 Rac8 19. Rfd1 Nb4 20. Qb1 Qa6 21. a4 Qe6 22. Rc3 Qe7 23. Rdc1 Ba6 24. Nf1 Rf6 25. Ng3 g6 26. Qa1 Rfc6 27. Qb1 Rb8 28. Qa1 Rcc8 29. Rd1 Qg7 30. Rcc1 Qxa1 31. Rxa1 Nd3 32. Rab1 c4 33. bxc4 dxc4 34. Ne2 Rxb1 35. Rxb1 c3 36. Nc1 c2 37. Ra1 Rb8 38. Nd2 Rd8 39. Ndb3 Bc4 40. Nxd3 Bxb3 41. Nc1 Bf7 42. Kh2 Rb8 0-1

[Event "GER-ch U14 Girls"]
[Site "Oberhof"]
[Date "2010.05.27"]
[Round "7"]
[White "Gamisch, Laura"]
[Black "Berger, Nadja"]
[Result "1/2-1/2"]
[WhiteElo "1759"]
[BlackElo "1706"]
[PlyCount "57"]
[EventDate "2010.05.22"]
[EventType "swiss"]
[EventRounds "9"]
[EventCountry "GER"]
[SourceTitle "CBM 136 Extra"]
[Source "ChessBase"]
[SourceDate "2010.07.02"]
[SourceVersion "2"]
[SourceVersionDate "2010.07.15"]
[SourceQuality "1"]

1. d4 d6 2. Nf3 g6 3. g3 Bg7 4. Bg2 Nf6 5. 0-0 0-0 6. Nc3 c5 7. d5 Nbd7 8. e4 a6 9. a4 Qc7 10. Bf4 Ng4 11. h3 Nge5 12. Nxe5 Nxe5 13. Qc1 Re8 14. Nd1 Nc4 15. c3 Ne5 16. Qc2 Ra7 17. a5 Bd7 18. c4 b5 19. axb6 Qxb6 20. Bd2 Bc8 21. Ba5 Qb8 22. Bc3 Rb7 23. f4 Nd7 24. Bxg7 Kxg7 25. Rxa6 Rxb2 26. Qxb2+ Qxb2 27. Nxb2 Bxa6 28. Ra1 Ra8 29. Bf1 1/2-1/2

[Event "GER-ch U14 Girls"]
[Site "Willingen"]
[Date "2009.06.02"]
[Round "4"]
[White "Kuckling, Hannah"]
[Black "Gamisch, Laura"]
[Result "1/2-1/2"]
[WhiteElo "1525"]
[BlackElo "1744"]
[PlyCount "108"]
[EventDate "2009.05.30"]
[EventType "swiss"]
[EventRounds "9"]
[EventCountry "GER"]
[SourceTitle "EXT 2010"]
[Source "ChessBase"]
[SourceDate "2010.11.25"]
[SourceVersion "1"]
[SourceVersionDate "2010.11.25"]
[SourceQuality "1"]

1. e4 c5 2. c3 Nf6 3. e5 Nd5 4. Bc4 Nb6 5. Bb3 c4 6. Bc2 Nc6 7. Nf3 d6 8. exd6 Qxd6 9. 0-0 Bg4 10. d4 cxd3 11. Bxd3 Rd8 12. Be2 Qxd1 13. Rxd1 Rxd1+ 14. Bxd1 e6 15. h3 Bh5 16. g4 Bg6 17. Bf4 Nd5 18. Bg3 Bc5 19. Nbd2 0-0 20. Nc4 Rd8 21. Nce5 Nde7 22. b4 Bd6 23. a3 Bb8 24. Bb3 Be4 25. Nxc6 Nxc6 26. Bxb8 Nxb8 27. Ne1 Nc6 28. f3 Bg6 29. f4 Be4 30. Rd1 Rxd1 31. Bxd1 Ne7 32. c4 Ng6 33. Kf2 Nxf4 34. h4 f5 35. h5 Kf7 36. Bf3 Nd3+ 37. Nxd3 Bxd3 38. c5 Ba6 39. a4 b6 40. b5 Bc8 41. gxf5 exf5 42. cxb6 axb6 43. a5 bxa5 44. b6 a4 45. b7 Bxb7 46. Bxb7 Ke6 47. Ba6 Kf6 48. Bc4 Kg5 49. Bf7 a3 50. Kg3 a2 51. Bxa2 Kxh5 52. Kf4 g6 53. Be6 Kh4 54. Bxf5 gxf5 1/2-1/2

[Event "GER-chT U14 Girls"]
[Site "Dittrichshuette"]
[Date "2008.12.29"]
[Round "5.1"]
[White "Gamisch, Laura"]
[Black "Duessler, Stefanie"]
[Result "0-1"]
[WhiteElo "1744"]
[BlackElo "1660"]
[PlyCount "156"]
[EventDate "2008.12.27"]
[EventType "team-swiss"]
[EventRounds "7"]
[EventCountry "GER"]
[SourceTitle "EXT 2010"]
[Source "ChessBase"]
[SourceDate "2010.11.25"]
[SourceVersion "1"]
[SourceVersionDate "2010.11.25"]
[SourceQuality "1"]
[WhiteTeam "Vaterstetten"]
[BlackTeam "Nordhorn Blanke"]
[WhiteTeamCountry "GER"]
[BlackTeamCountry "GER"]

1. d4 d5 2. c4 c6 3. Nc3 Nf6 4. Nf3 e6 5. Bg5 Nbd7 6. e3 Qa5 7. Nd2 dxc4 8. Bxf6 Nxf6 9. Nxc4 Qg5 10. a3 Be7 11. Ne5 0-0 12. h4 Qh6 13. g4 g5 14. h5 Bd6 15. Nd3 b6 16. Bg2 Bb7 17. Qe2 Rab8 18. 0-0-0 Rfc8 19. Kb1 Nd7 20. Ne4 Be7 21. f4 Ba6 22. fxg5 Bxg5 23. Nxg5 Qxg5 24. Qf3 c5 25. Rhf1 Qg7 26. h6 Qg6 27. e4 cxd4 28. Rf2 Bxd3+ 29. Rxd3 Ne5 30. Qh3 Nxd3 31. Qxd3 Qxh6 32. Qxd4 Qc1+ 33. Ka2 Qc4+ 34. Qxc4 Rxc4 35. Bf3 Rbc8 36. Rh2 Rc2 37. Rh5 Rf2 38. Bd1 Rc4 39. Re5 Rd4 40. Bb3 Rdd2 41. a4 Rxb2+ 42. Ka3 Rbe2 43. Rg5+ Kf8 44. e5 h6 45. Rh5 Kg7 46. g5 hxg5 47. Rxg5+ Kh6 48. Rg3 Rxe5 49. Rh3+ Kg7 50. Rc3 Rc5 51. Rd3 Rc7 52. Re3 Re7 53. Rg3+ Kf8 54. Re3 e5 55. Rg3 e4 56. Re3 Rf3 57. Re1 e3 58. Bc4 e2+ 59. Kb2 Rf1 60. Rxf1 exf1Q 61. Bxf1 Rc7 62. Bb5 f5 63. Be2 f4 64. Bf3 Kg7 65. Kb3 a5 66. Kb2 Kf6 67. Kb3 Ke5 68. Kb2 Kd4 69. Bh1 Ke3 70. Kb3 f3 71. Bxf3 Kxf3 72. Kb2 Ke3 73. Kb3 Kd3 74. Ka3 Rc4 75. Kb3 Rb4+ 76. Ka2 Kc3 77. Ka1 Kc2 78. Ka2 Rxa4# 0-1

[Event "GER-chT U14 Girls"]
[Site "Dittrichshuette"]
[Date "2008.12.27"]
[Round "1.1"]
[White "Gamisch, Laura"]
[Black "Stoerzer, Tina"]
[Result "1-0"]
[WhiteElo "1744"]
[BlackElo "1073"]
[PlyCount "53"]
[EventDate "2008.12.27"]
[EventType "team-swiss"]
[EventRounds "7"]
[EventCountry "GER"]
[SourceTitle "EXT 2010"]
[Source "ChessBase"]
[SourceDate "2010.11.25"]
[SourceVersion "1"]
[SourceVersionDate "2010.11.25"]
[SourceQuality "1"]
[WhiteTeam "Vaterstetten"]
[BlackTeam "Leipzig BSG Chemie"]
[WhiteTeamCountry "GER"]
[BlackTeamCountry "GER"]

1. d4 d5 2. Nf3 Nc6 3. c4 Nf6 4. Nc3 e6 5. Bg5 Be7 6. e3 h6 7. Bh4 Bb4 8. Nd2 Bxc3 9. bxc3 Ne7 10. Bxf6 gxf6 11. Qf3 Nc6 12. Nb3 b6 13. Rc1 Bb7 14. cxd5 exd5 15. Bd3 Qe7 16. Bf5 Na5 17. Nxa5 bxa5 18. 0-0 c6 19. Rc2 c5 20. Rb1 Rb8 21. Rcb2 Rg8 22. Qxd5 Rg5 23. Rxb7 Rxb7 24. Rxb7 Qd8 25. Rd7 Qxd7 26. Qxd7+ Kf8 27. f4 1-0

[Event "GER-chT U14 Girls"]
[Site "Dittrichshuette"]
[Date "2008.12.27"]
[Round "2.1"]
[White "Schmalhorst, Sophia"]
[Black "Gamisch, Laura"]
[Result "1-0"]
[WhiteElo "1588"]
[BlackElo "1744"]
[PlyCount "77"]
[EventDate "2008.12.27"]
[EventType "team-swiss"]
[EventRounds "7"]
[EventCountry "GER"]
[SourceTitle "EXT 2010"]
[Source "ChessBase"]
[SourceDate "2010.11.25"]
[SourceVersion "1"]
[SourceVersionDate "2010.11.25"]
[SourceQuality "1"]
[WhiteTeam "Rossdorf"]
[BlackTeam "Vaterstetten"]
[WhiteTeamCountry "GER"]
[BlackTeamCountry "GER"]

1. e4 c5 2. Nf3 e6 3. d3 Nc6 4. g3 Qc7 5. Bg2 b5 6. 0-0 Bb7 7. Nbd2 Be7 8. Re1 d6 9. h4 h6 10. Nh2 Nf6 11. Ng4 a6 12. Nxf6+ Bxf6 13. Nf3 Qe7 14. c3 g5 15. h5 Bg7 16. d4 cxd4 17. cxd4 g4 18. d5 gxf3 19. dxc6 Bxc6 20. Bxf3 Rd8 21. Qe2 Rg8 22. Bf4 e5 23. Be3 Qf6 24. Rac1 Ba8 25. Bb6 Rb8 26. Bc7 Rb7 27. Red1 Bf8 28. Bxd6 Qe6 29. Bxf8 Rxf8 30. Bg4 Qb6 31. Qd2 Ke7 32. Qb4+ Kf6 33. Qxf8 Rb8 34. Rd6+ Qxd6 35. Qxd6+ Kg7 36. Qxb8 Bxe4 37. Qxe5+ Kh7 38. Rc8 f6 39. Qe7# 1-0

[Event "GER-chT U14 Girls"]
[Site "Stuttgart"]
[Date "2007.12.28"]
[Round "3.1"]
[White "Gamisch, Laura"]
[Black "Rogasch, Miriam"]
[Result "0-1"]
[WhiteElo "1518"]
[BlackElo "1513"]
[PlyCount "66"]
[EventDate "2007.12.27"]
[EventType "team-swiss"]
[EventRounds "7"]
[EventCountry "GER"]
[SourceTitle "EXT 2009"]
[Source "ChessBase"]
[SourceDate "2008.11.26"]
[SourceVersion "1"]
[SourceVersionDate "2008.11.26"]
[SourceQuality "1"]
[WhiteTeam "Vaterstetten SC U14 Girls"]
[BlackTeam "Gryps SV U14 Girls"]
[WhiteTeamCountry "GER"]
[BlackTeamCountry "GER"]

1. e4 e5 2. Nc3 Nf6 3. Bc4 Nc6 4. d3 Bc5 5. Bg5 h6 6. Bh4 g5 7. Bg3 d6 8. h3 Be6 9. Bxe6 fxe6 10. Qe2 Qe7 11. 0-0-0 0-0-0 12. Nf3 Nh5 13. h4 Nxg3 14. fxg3 g4 15. Nd2 h5 16. Nb3 d5 17. Rhf1 Nd4 18. Qe1 Bb4 19. Kb1 Nxb3 20. cxb3 d4 21. a3 Bxc3 22. bxc3 Qxa3 23. cxd4 Qxb3+ 24. Kc1 Rxd4 25. Qa5 Rb4 26. Kd2 Qb2+ 27. Ke1 Qc3+ 28. Ke2 Rb2+ 29. Rd2 Rxd2+ 30. Ke3 Qxa5 31. Rc1 Rxg2 32. Rd1 Rf8 33. d4 Rf3# 0-1

[Event "GER-chT U14 Girls"]
[Site "Stuttgart"]
[Date "2007.12.28"]
[Round "4.1"]
[White "Schulz, Anja2222"]
[Black "Gamisch, Laura"]
[Result "1-0"]
[WhiteElo "1790"]
[BlackElo "1518"]
[PlyCount "87"]
[EventDate "2007.12.27"]
[EventType "team-swiss"]
[EventRounds "7"]
[EventCountry "GER"]
[SourceTitle "EXT 2009"]
[Source "ChessBase"]
[SourceDate "2008.11.26"]
[SourceVersion "1"]
[SourceVersionDate "2008.11.26"]
[SourceQuality "1"]
[WhiteTeam "Chemnitz USG U14 Girls"]
[BlackTeam "Vaterstetten SC U14 Girls"]
[WhiteTeamCountry "GER"]
[BlackTeamCountry "GER"]

1. e4 c5 2. Nf3 e6 3. d4 cxd4 4. Nxd4 Nc6 5. c4 Nf6 6. Nc3 Bb4 7. f3 Qa5 8. Ndb5 a6 9. Nd6+ Ke7 10. Nxc8+ Rhxc8 11. Bd2 Ne5 12. a3 Bxc3 13. Bxc3 Qc7 14. b3 a5 15. Be2 Ng6 16. 0-0 Nf4 17. Kh1 h5 18. e5 Ng8 19. a4 h4 20. Re1 Nh6 21. Qd4 g5 22. Bd2 Nf5 23. Qe4 Qc6 24. Bxf4 gxf4 25. Qxf4 Rh8 26. Qg5+ Ke8 27. Bd3 Nd4 28. Be4 Qc8 29. Qf6 Rg8 30. Bh7 Rf8 31. Rab1 Qd8 32. Qg7 h3 33. Red1 hxg2+ 34. Qxg2 Nc6 35. Qg7 Qc7 36. Rd6 Ke7 37. Qf6+ Ke8 38. Rbd1 Nb8 39. Rg1 Qc5 40. Rg8 Qf2 41. Rxf8+ Kxf8 42. Rd1 Qe2 43. Rg1 d6 44. Rg8# 1-0

[Event "GER-chT U14 Girls"]
[Site "Stuttgart"]
[Date "2007.12.27"]
[Round "1.1"]
[White "Gamisch, Laura"]
[Black "Micklich, Rahel"]
[Result "1/2-1/2"]
[WhiteElo "1518"]
[BlackElo "1595"]
[PlyCount "94"]
[EventDate "2007.12.27"]
[EventType "team-swiss"]
[EventRounds "7"]
[EventCountry "GER"]
[SourceTitle "EXT 2009"]
[Source "ChessBase"]
[SourceDate "2008.11.26"]
[SourceVersion "1"]
[SourceVersionDate "2008.11.26"]
[SourceQuality "1"]
[WhiteTeam "Vaterstetten SC U14 Girls"]
[BlackTeam "Porz SG U14 Girls"]
[WhiteTeamCountry "GER"]
[BlackTeamCountry "GER"]

1. e4 c5 2. Nf3 d6 3. d4 cxd4 4. Nxd4 Nf6 5. Nc3 a6 6. Bg5 e6 7. Be2 Be7 8. 0-0 0-0 9. Qd2 Qc7 10. h3 Nbd7 11. Nb3 b5 12. a3 Bb7 13. Bd3 Nc5 14. f3 Rfd8 15. Bf4 Nxb3 16. cxb3 Qc5+ 17. Be3 Qh5 18. Bg5 h6 19. Bxf6 Bxf6 20. Be2 Qc5+ 21. Kh1 Rac8 22. Rac1 Qb6 23. Na2 Bd4 24. Rxc8 Rxc8 25. Rd1 Be5 26. Nb4 Qc5 27. Nd3 Qc2 28. Nxe5 dxe5 29. b4 Qxd2 30. Rxd2 Rc1+ 31. Kh2 Kf8 32. Rd7 Bc8 33. Rd2 Ke7 34. Kg3 Rc7 35. Kf2 g5 36. g3 f5 37. Bd3 Rd7 38. Ke2 Rd4 39. g4 f4 40. Bc2 Kf6 41. Bb3 Rxd2+ 42. Kxd2 Ke7 43. Kc3 Kd6 44. Kd3 Kc6 45. Kc3 Kd6 46. Kd3 Kc6 47. Kc3 Kd6 1/2-1/2

[Event "GER-ch U12"]
[Site "Willingen"]
[Date "2007.06.01"]
[Round "9"]
[White "Richter, Jannina"]
[Black "Gamisch, Laura"]
[Result "0-1"]
[WhiteElo "1137"]
[BlackElo "1321"]
[PlyCount "90"]
[EventDate "2007.05.26"]
[EventType "swiss"]
[EventRounds "11"]
[EventCountry "GER"]
[SourceTitle "CBM 118 Extra"]
[Source "ChessBase"]
[SourceDate "2007.07.04"]
[SourceVersion "1"]
[SourceVersionDate "2007.07.04"]
[SourceQuality "1"]

1. e4 c5 2. Nf3 a6 3. d4 cxd4 4. Nxd4 Nf6 5. Nc3 e5 6. Nf3 Bb4 7. Bd2 0-0 8. Bd3 d6 9. 0-0 Bg4 10. h3 Bh5 11. a3 Bc5 12. Bg5 h6 13. Bh4 g5 14. Bg3 Nc6 15. Be2 Bg6 16. Nd2 b5 17. h4 Nd4 18. Re1 Nxe2+ 19. Qxe2 Nh5 20. Qg4 Nxg3 21. Qxg3 gxh4 22. Qh3 f5 23. Rf1 Rc8 24. Nf3 fxe4 25. Nxh4 Qg5 26. Nd5 Bf7 27. Nc3 e3 28. fxe3 Bxe3+ 29. Kh1 Rc4 30. Nf3 Qh5 31. Qxh5 Bxh5 32. Nd5 Ba7 33. Nh2 Kg7 34. Rxf8 Kxf8 35. Rf1+ Kg7 36. Nc3 b4 37. axb4 Rxb4 38. Rb1 Bd4 39. Nd5 Rxb2 40. Rxb2 Bxb2 41. Nb4 a5 42. Nd5 a4 43. Nb4 a3 44. Nf1 Bf7 45. Ne3 Bc3 0-1

[Event "GER-ch U12"]
[Site "Willingen"]
[Date "2007.05.30"]
[Round "7"]
[White "Duessler, Stefanie"]
[Black "Gamisch, Laura"]
[Result "1-0"]
[WhiteElo "1563"]
[BlackElo "1321"]
[PlyCount "131"]
[EventDate "2007.05.26"]
[EventType "swiss"]
[EventRounds "11"]
[EventCountry "GER"]
[SourceTitle "CBM 118 Extra"]
[Source "ChessBase"]
[SourceDate "2007.07.04"]
[SourceVersion "1"]
[SourceVersionDate "2007.07.04"]
[SourceQuality "1"]

1. e4 c5 2. Nf3 e6 3. b3 Nc6 4. Bb2 Nf6 5. e5 Nd5 6. Bb5 Nde7 7. d3 a6 8. Bxc6 Nxc6 9. Nbd2 b5 10. 0-0 Bb7 11. c4 b4 12. Qe2 Be7 13. Ne4 0-0 14. Qe3 Qb6 15. Rfd1 Rfd8 16. Rd2 h6 17. Rad1 Qa5 18. Ra1 Rac8 19. h3 d5 20. exd6 Bxd6 21. Nxd6 Rxd6 22. Ne5 Nd4 23. Qg3 Qc7 24. Ng4 Nf5 25. Nxh6+ Kf8 26. Nxf5 exf5 27. Be5 Rcd8 28. Qxg7+ Ke8 29. Bxd6 Qxd6 30. Re1+ Kd7 31. Qxf7+ Kc8 32. Qxf5+ Rd7 33. Re6 Qd4 34. Re8+ Kc7 35. Qe5+ Qxe5 36. Rxe5 Rg7 37. g4 Rh7 38. Kh2 Bc8 39. Kg3 Kd6 40. Rd5+ Kc7 41. Rxc5+ Kb8 42. Re2 Kb7 43. d4 Bd7 44. Rce5 Rh8 45. Re7 Kc8 46. d5 a5 47. c5 Bb5 48. R2e6 Rd8 49. d6 Bd7 50. Rh6 Kb7 51. Rhh7 Kc6 52. Rxd7 Rxd7 53. Rxd7 Kxd7 54. h4 a4 55. bxa4 b3 56. axb3 Kc6 57. h5 Kxc5 58. d7 Kb4 59. d8Q Ka3 60. a5 Kb2 61. a6 Ka3 62. a7 Kb2 63. a8Q Kc3 64. Qc6+ Kb4 65. Qdd6+ Ka5 66. Qb6# 1-0

[Event "GER-ch U12"]
[Site "Willingen"]
[Date "2007.05.28"]
[Round "3"]
[White "Hoepfner, Tim"]
[Black "Gamisch, Laura"]
[Result "1-0"]
[WhiteElo "1478"]
[BlackElo "1321"]
[PlyCount "103"]
[EventDate "2007.05.26"]
[EventType "swiss"]
[EventRounds "11"]
[EventCountry "GER"]
[SourceTitle "CBM 118 Extra"]
[Source "ChessBase"]
[SourceDate "2007.07.04"]
[SourceVersion "1"]
[SourceVersionDate "2007.07.04"]
[SourceQuality "1"]

1. d4 g6 2. c4 Bg7 3. Nc3 d6 4. e4 e5 5. d5 f5 6. exf5 Bxf5 7. Nge2 Nd7 8. Ng3 Ne7 9. f3 Nf6 10. Bg5 h6 11. Bxf6 Bxf6 12. h4 Qd7 13. Nge4 Bg7 14. g4 Bxe4 15. Nxe4 0-0-0 16. Qc2 Rhf8 17. Bg2 Rf7 18. 0-0-0 Kb8 19. Kb1 Qe8 20. Rd3 h5 21. Ng5 Rf6 22. Ne6 Rxe6 23. dxe6 Qg8 24. Qb3 Qxe6 25. Rhd1 c6 26. Bh3 Qf6 27. Qb4 c5 28. Qe1 e4 29. Rb3 exf3 30. g5 Qf7 31. Qe4 d5 32. cxd5 Nxd5 33. Rbd3 f2 34. Rxd5 Re8 35. Qxe8+ Qxe8 36. Rd8+ Qxd8 37. Rxd8+ Kc7 38. Rd7+ Kc6 39. Rxg7 Kd6 40. Rxg6+ Ke5 41. Rf6 f1Q+ 42. Bxf1 b5 43. Rf2 b4 44. g6 c4 45. g7 c3 46. g8Q c2+ 47. Rxc2 b3 48. Re2+ Kf6 49. Qe6+ Kg7 50. Rg2+ Kh7 51. Qg8+ Kh6 52. Qh8# 1-0

[Event "GER-ch U12"]
[Site "Willingen"]
[Date "2007.05.27"]
[Round "2"]
[White "Gamisch, Laura"]
[Black "Lebeda, Timo"]
[Result "0-1"]
[WhiteElo "1321"]
[BlackElo "1653"]
[PlyCount "72"]
[EventDate "2007.05.26"]
[EventType "swiss"]
[EventRounds "11"]
[EventCountry "GER"]
[SourceTitle "CBM 118 Extra"]
[Source "ChessBase"]
[SourceDate "2007.07.04"]
[SourceVersion "1"]
[SourceVersionDate "2007.07.04"]
[SourceQuality "1"]

1. e4 c5 2. Nf3 d6 3. d4 cxd4 4. Nxd4 Nf6 5. Nc3 a6 6. Qf3 e6 7. g4 Nbd7 8. g5 Ne5 9. Qd1 Nfd7 10. f4 Nc6 11. Be3 Be7 12. h4 Qc7 13. Bd3 Nc5 14. Rc1 b5 15. Nxc6 Qxc6 16. b4 Nd7 17. Qd2 Bb7 18. Rg1 Nb6 19. Bxb6 Qxb6 20. Rf1 Rc8 21. f5 d5 22. a3 Qc6 23. Nd1 dxe4 24. Be2 Rd8 25. Qf4 Bd6 26. Qg4 Qc7 27. fxe6 Bg3+ 28. Rf2 Bxf2+ 29. Nxf2 e3 30. Nd3 0-0 31. h5 Qc3+ 32. Kf1 Qc6 33. e7 Qh1+ 34. Qg1 Bg2+ 35. Ke1 Qxg1+ 36. Bf1 Qxf1# 0-1

[Event "GER-ch U10"]
[Site "Willingen"]
[Date "2006.06.09"]
[Round "9"]
[White "Moehn, Hans"]
[Black "Gamisch, Laura"]
[Result "1-0"]
[WhiteElo "1580"]
[BlackElo "1226"]
[PlyCount "169"]
[EventDate "2006.06.04"]
[EventType "swiss"]
[EventRounds "11"]
[EventCountry "GER"]
[SourceTitle "EXT 2007"]
[Source "ChessBase"]
[SourceDate "2006.11.23"]
[SourceVersion "1"]
[SourceVersionDate "2006.11.23"]
[SourceQuality "1"]

1. e4 c5 2. Nf3 e6 3. d4 cxd4 4. Nxd4 Nc6 5. Nc3 Bb4 6. Be3 Nf6 7. Bd3 0-0 8. 0-0 Bxc3 9. bxc3 d5 10. exd5 Nxd5 11. Nxc6 bxc6 12. Bc5 Re8 13. c4 Nc3 14. Qd2 Na4 15. Ba3 Ba6 16. Rad1 Nb6 17. Qa5 Qc8 18. Qc3 Bb7 19. Rfe1 a5 20. Qb3 Nd7 21. Bxh7+ Kxh7 22. Qd3+ Kg8 23. Qxd7 Qxd7 24. Rxd7 Ba6 25. c5 Bc4 26. Rd6 Bd5 27. Rc1 Bxa2 28. Rxc6 Rec8 29. Rxc8+ Rxc8 30. Rd1 Bd5 31. f3 f5 32. Kf2 Kf7 33. Ke3 Ke7 34. g3 g6 35. f4 Kf7 36. Kd4 Kf6 37. c4 Ba8 38. Kc3 Kg7 39. Rd6 Rc6 40. Rd7+ Kh6 41. Ra7 Rc8 42. Rxa5 Kh5 43. Ra6 Bc6 44. Kd4 Kg4 45. Ke5 Kh3 46. Kxe6 Kxh2 47. Kd6 Be4 48. Kd7 Rg8 49. c6 Kxg3 50. c7 Bb7 51. Rb6 Bc8+ 52. Kc6 Kxf4 53. Be7 Kg4 54. Rb8 f4 55. Rxc8 Rxc8 56. Kb7 Rxc7+ 57. Kxc7 f3 58. Bc5 Kf5 59. Bf2 g5 60. Kb7 g4 61. Bg3 Ke4 62. c5 Ke3 63. c6 f2 64. Bxf2+ Kxf2 65. c7 g3 66. c8Q g2 67. Qf5+ Ke2 68. Qe4+ Kf2 69. Qf4+ Ke2 70. Qg3 Kf1 71. Qf3+ Kg1 72. Kc6 Kh1 73. Qh3+ Kg1 74. Kd5 Kf2 75. Qf5+ Ke1 76. Qg4 Kf2 77. Qf4+ Ke2 78. Qg3 Kf1 79. Qf3+ Kg1 80. Ke4 Kh2 81. Qh5+ Kg3 82. Qg5+ Kh2 83. Qh4+ Kg1 84. Kf3 Kf1 85. Qf2# 1-0

[Event "GER-ch U10"]
[Site "Willingen"]
[Date "2006.06.05"]
[Round "5"]
[White "Lebeda, Timo"]
[Black "Gamisch, Laura"]
[Result "1/2-1/2"]
[WhiteElo "1496"]
[BlackElo "1226"]
[PlyCount "110"]
[EventDate "2006.06.04"]
[EventType "swiss"]
[EventRounds "11"]
[EventCountry "GER"]
[SourceTitle "EXT 2007"]
[Source "ChessBase"]
[SourceDate "2006.11.23"]
[SourceVersion "1"]
[SourceVersionDate "2006.11.23"]
[SourceQuality "1"]

1. e4 c5 2. d4 cxd4 3. c3 d3 4. Bxd3 Nc6 5. Bb5 Qc7 6. c4 a6 7. Ba4 Nf6 8. Nc3 e6 9. Nf3 Bb4 10. Qc2 0-0 11. Bd2 Na5 12. Rc1 Qxc4 13. b3 Qc5 14. e5 Ng4 15. Ne4 Qxc2 16. Rxc2 Bxd2+ 17. Rxd2 b5 18. h3 Nh6 19. b4 Nc6 20. Bb3 Nxb4 21. Nd6 a5 22. a3 a4 23. Bd1 Nd5 24. Nxb5 Nf5 25. Nh2 Ra5 26. Nd4 Nxd4 27. Rxd4 Nc3 28. Nf3 Bb7 29. Rxd7 Bxf3 30. Bxf3 Rxe5+ 31. Kf1 Rb5 32. g3 Rb3 33. Kg2 e5 34. Re1 f6 35. Re3 e4 36. Bxe4 Nxe4 37. Rxe4 Rxa3 38. Ra7 Rf7 39. Raxa4 Rxa4 40. Rxa4 h6 41. Ra8+ Kh7 42. h4 h5 43. f3 f5 44. Ra6 g6 45. Kf2 Re7 46. Ra3 Kg7 47. Re3 Rd7 48. Ke2 Kf7 49. Rd3 Rxd3 50. Kxd3 Ke6 51. Kd4 Kd6 52. f4 Ke6 53. Kc5 Kd7 54. Kd5 Ke7 55. Ke5 Kf7 1/2-1/2

[Event "GER-ch U10"]
[Site "Willingen"]
[Date "2006.06.04"]
[Round "3"]
[White "Kyas, Philipp"]
[Black "Gamisch, Laura"]
[Result "1-0"]
[WhiteElo "1506"]
[BlackElo "1226"]
[PlyCount "115"]
[EventDate "2006.06.04"]
[EventType "swiss"]
[EventRounds "11"]
[EventCountry "GER"]
[SourceTitle "EXT 2007"]
[Source "ChessBase"]
[SourceDate "2006.11.23"]
[SourceVersion "1"]
[SourceVersionDate "2006.11.23"]
[SourceQuality "1"]

1. d4 g6 2. Nf3 Bg7 3. Bf4 d6 4. e3 c5 5. c4 b6 6. Nc3 Nf6 7. h3 0-0 8. d5 Ba6 9. Be2 Qd7 10. 0-0 Rd8 11. Re1 Nh5 12. Bh2 e5 13. dxe6 Qxe6 14. Ng5 Qf5 15. Nge4 Bxc3 16. Nxc3 Bb7 17. Bxh5 gxh5 18. Nd5 Qg5 19. Bf4 Qg7 20. Qxh5 Na6 21. Qg5 Bxd5 22. Qxg7+ Kxg7 23. cxd5 Nb4 24. Red1 Kg6 25. a3 Na6 26. f3 Kf5 27. Kf2 Nc7 28. h4 h5 29. Bg5 f6 30. Bf4 Rd7 31. Rd2 Rg8 32. Bh2 Rdg7 33. e4+ Kg6 34. Bxd6 Nb5 35. Bf4 Kh7 36. Rg1 Nd4 37. Rd3 Re7 38. a4 a6 39. Be3 Nc2 40. Rb3 Nxe3 41. Kxe3 f5 42. Rxb6 fxe4 43. Re6 Rb7 44. d6 exf3 45. Kxf3 Rb3+ 46. Ke4 Rg4+ 47. Kd5 Rxb2 48. d7 c4 49. Rd1 Rgxg2 50. Kc6 Rbd2 51. Rxd2 Rxd2 52. Rd6 Rg2 53. d8Q c3 54. Qc7+ Rg7 55. Rd7 c2 56. Rxg7+ Kh6 57. Rh7+ Kg6 58. Qf7# 1-0